1308 1641 1360 1437 1567 1809 1362 1898 1124 1258 1933 1377 1172 1088 1278 1674 1581 1208 1498 1805 1341 1663 1589 1288 1026 1997 1756 1645 1046 1239 1804 1911 1228 1326 1764 1792 1746 1809 1014 1046 1643 1000 1418 1326 1379 1789 1479 1568 1818 1434 1025 1686 1680 1105 1591 1735 1195 1632 1380 1078 1524 1942 1566 1711 1404 1965 1370 1201 1145 1744 1458 1970 1214 1267 1560 1354 1212 1088 1806 1161 1945 1640 1777 1364 1147 1658 1587 1259 1229 1395 1872 1874 1045 1863 1762 1061 1150 1020 1542 BCNSPRNW ULIB Ver.6.0+V

เปลี่ยนเป็นภาษาไทย

Change to English
 แสดงรายละเอียดบรรณานุกรม
  กลับหน้าหลัก

Brief Record : Get Marc (ISO 2709) : E-mail record : QR code < ปิดหน้าต่าง
LEADER : 00000nam 2200000uu 4500
001    13399111686
003     ULIB
008    110705s2007||||th 000 0 eng d
020    9780443103186
060  4 WQ^bD611 2007
245 00 Disability in pregnancy and childbirth /^cedited by StellaMcKay-Moffat
260    Edinburgh :^bLivingstone,^cc2007
300    xiv, 219 p. :^bill
650  2 Pregnancy complications
650  2 Delivery, Obstetric
650  2 Midwifery^xmethods
650  2 Pregnancy
700 1  McKay-Moffat, Stella,^eed
945    ^p1910^l0^i027739
949    Kesorn
999 ^a ใช้งานได้ทุกระบบ
รายการนี้ยังไม่มีแท็ก
คุณยังไม่ได้ล็อกอิน คุณสามารถมีกิจกรรมร่วมกับเว็บไซต์ได้ แต่ต้องล็อกอินก่อน ::
  ล็อกอิน

รายการสื่อสารสนเทศ

ลำดับที่ ประเภท เลขเรียก/บาร์โค้ด สถานที่ สถานะ
- ไม่พบข้อมูล -

รายการใกล้เคียง
    หัวเรื่อง [Pregnancy complications]
    หัวเรื่อง [Delivery, Obstetric]
    หัวเรื่อง [Pregnancy]

BibComment


ยังไม่เคยถูกคอมเมนท์

คอมเมนท์ทรัพยากรรายการนี้
  คอมเมนท์: Disability in pre..


 Copyright 2026. Bcnsprnw @Library